| 000 | 00693nam a2200265Ia 4500 | ||
|---|---|---|---|
| 005 | 20251020182451.0 | ||
| 008 | 200515s9999 xx 000 0 und d | ||
| 020 | _a978-84-9801-480-8 | ||
| 082 | _a621.221/G98 | ||
| 100 | _aGuzowski, Mary | ||
| 245 | 0 | _aEnergía Cero : estética y tecnología con estrategias y dispositivos de ahorro y generación de energía alternativos | |
| 250 | _a1a ed. | ||
| 260 | _aBarcelona | ||
| 260 | _bBLUME | ||
| 260 | _c2010 | ||
| 300 | _a208 p. | ||
| 300 | _bil., tbl., graf. | ||
| 500 | _a2 ejemplares | ||
| 650 | _aENERGIA | ||
| 650 | _aENERGIA ALTERNATIVA | ||
| 650 | _aENERGIA SOLAR | ||
| 942 | _cLIB | ||
| 999 |
_c850 _d850 |
||